All U.S. States by Borders - Statistics

General Stats
  • This quiz has been taken 370 times
  • The average score is 126 of 214
Answer Stats
Answer % Correct
Florida
95%
Georgia
94%
Mississippi
88%
Maryland
85%
Tennessee
85%
New Jersey
80%
Alabama
79%
Georgia
78%
California
77%
Pennsylvania
76%
New Mexico
74%
Colorado
72%
North Carolina
72%
Utah
72%
Arizona
71%
Connecticut
71%
Connecticut
71%
Georgia
71%
Massachusetts
71%
Nevada
71%
New York
71%
Oregon
71%
South Dakota
71%
Arizona
70%
Idaho
70%
Nevada
70%
New Hampshire
70%
Oregon
70%
California
69%
West Virginia
69%
Alabama
68%
Illinois
68%
Montana
68%
New York
68%
Rhode Island
68%
Massachusetts
67%
Minnesota
67%
New Hampshire
67%
Wisconsin
67%
Arkansas
66%
South Carolina
66%
South Carolina
66%
Utah
66%
Vermont
66%
California
65%
Florida
65%
Maine
65%
Mississippi
65%
New Hampshire
65%
Tennessee
65%
Texas
65%
Virginia
65%
Alabama
64%
Idaho
64%
Indiana
64%
Vermont
64%
Washington
64%
Idaho
63%
Minnesota
63%
New Mexico
63%
Tennessee
63%
Arkansas
62%
Arkansas
62%
Maryland
62%
Massachusetts
62%
Montana
62%
New York
62%
Ohio
62%
Oklahoma
62%
Texas
62%
Washington
62%
Wyoming
62%
Missouri
61%
Missouri
61%
Nebraska
61%
Nebraska
61%
North Carolina
61%
Oklahoma
61%
Oregon
61%
Tennessee
61%
Delaware
60%
Iowa
60%
Iowa
60%
Kansas
60%
Louisiana
60%
Louisiana
60%
Missouri
60%
Nevada
60%
North Dakota
60%
Oregon
60%
Pennsylvania
60%
South Dakota
60%
Wisconsin
60%
Arkansas
59%
Colorado
59%
Indiana
59%
Louisiana
59%
Massachusetts
59%
North Carolina
59%
North Dakota
59%
Oklahoma
59%
South Dakota
59%
Tennessee
59%
Tennessee
59%
Tennessee
59%
Texas
59%
Arizona
58%
Colorado
58%
Illinois
58%
Mississippi
58%
New York
58%
Rhode Island
58%
Georgia
57%
Idaho
57%
Kentucky
57%
South Dakota
57%
West Virginia
57%
Wisconsin
57%
Wyoming
57%
Colorado
56%
Minnesota
56%
Missouri
56%
Montana
56%
Nebraska
56%
North Dakota
56%
South Dakota
56%
Texas
56%
Utah
56%
Utah
56%
Virginia
56%
Connecticut
55%
Delaware
55%
Illinois
55%
Indiana
55%
Kansas
55%
Pennsylvania
55%
Wyoming
55%
Wyoming
55%
Alabama
54%
Arizona
54%
Colorado
54%
Colorado
54%
Illinois
54%
Indiana
54%
Iowa
54%
Kentucky
54%
Kentucky
54%
Minnesota
54%
Nevada
54%
New Jersey
54%
Ohio
54%
Wyoming
54%
Arizona
53%
Iowa
53%
Michigan
53%
Michigan
53%
Michigan
53%
Ohio
53%
Pennsylvania
53%
Virginia
53%
West Virginia
53%
Colorado
52%
Iowa
52%
Kentucky
52%
Massachusetts
52%
Missouri
52%
New Mexico
52%
Utah
52%
Vermont
52%
Virginia
52%
West Virginia
52%
Arkansas
51%
Missouri
51%
Pennsylvania
51%
Virginia
51%
Georgia
50%
Kansas
50%
Kentucky
50%
Wisconsin
50%
Mississippi
49%
New Mexico
49%
North Carolina
49%
Oklahoma
49%
Pennsylvania
49%
Arkansas
48%
Missouri
48%
Missouri
48%
Montana
48%
Nebraska
48%
New York
48%
Ohio
48%
Oklahoma
48%
Utah
48%
Wyoming
48%
Idaho
47%
New Jersey
47%
Ohio
47%
Iowa
46%
Kentucky
46%
West Virginia
46%
Illinois
45%
Kansas
45%
Nebraska
45%
Nevada
45%
New Mexico
45%
Delaware
44%
Idaho
44%
Maryland
44%
South Dakota
43%
Tennessee
43%
Kentucky
42%
Maryland
42%
Nebraska
41%
Oklahoma
40%
No matching quizzes found
Score Distribution
Percent of People with Each Score
Percentile by Number Answered
Your Score History
You have not taken this quiz